<?xml version="1.0" encoding="UTF-8"?><?xml-stylesheet type="text/xsl" href="static/style.xsl"?><OAI-PMH xmlns="http://www.openarchives.org/OAI/2.0/" xmlns:xsi="http://www.w3.org/2001/XMLSchema-instance" xsi:schemaLocation="http://www.openarchives.org/OAI/2.0/ http://www.openarchives.org/OAI/2.0/OAI-PMH.xsd"><responseDate>2026-06-04T02:01:35Z</responseDate><request verb="GetRecord" identifier="oai:riubu.ubu.es:10259/11793" metadataPrefix="marc">https://riubu.ubu.es/oai/request</request><GetRecord><record><header><identifier>oai:riubu.ubu.es:10259/11793</identifier><datestamp>2026-06-04T00:05:26Z</datestamp><setSpec>com_10259_5786</setSpec><setSpec>com_10259_5086</setSpec><setSpec>com_10259_2604</setSpec><setSpec>com_10259_4839</setSpec><setSpec>col_10259_5787</setSpec><setSpec>col_10259_4840</setSpec></header><metadata><record xmlns="http://www.loc.gov/MARC21/slim" xmlns:doc="http://www.lyncode.com/xoai" xmlns:xsi="http://www.w3.org/2001/XMLSchema-instance" xmlns:dcterms="http://purl.org/dc/terms/" xsi:schemaLocation="http://www.loc.gov/MARC21/slim http://www.loc.gov/standards/marcxml/schema/MARC21slim.xsd">
<leader>00925njm 22002777a 4500</leader>
<datafield tag="042" ind1=" " ind2=" ">
<subfield code="a">dc</subfield>
</datafield>
<datafield tag="720" ind1=" " ind2=" ">
<subfield code="a">Hortigüela Alcalá, David</subfield>
<subfield code="e">author</subfield>
</datafield>
<datafield tag="720" ind1=" " ind2=" ">
<subfield code="a">Ausín Villaverde, Vanesa</subfield>
<subfield code="e">author</subfield>
</datafield>
<datafield tag="720" ind1=" " ind2=" ">
<subfield code="a">Delgado Benito, Vanesa</subfield>
<subfield code="e">author</subfield>
</datafield>
<datafield tag="720" ind1=" " ind2=" ">
<subfield code="a">Abella García, Víctor</subfield>
<subfield code="e">author</subfield>
</datafield>
<datafield tag="260" ind1=" " ind2=" ">
<subfield code="c">2017-02</subfield>
</datafield>
<datafield tag="520" ind1=" " ind2=" ">
<subfield code="a">La estructura de las titulaciones bajo parámetros de calidad educativa es un hecho de relevancia en el sistema universitario español. En el presente estudio se contrasta la percepción de los estudiantes y profesores sobre la relación existente entre los criterios de evaluación empleados en las asignaturas y la categoría profesional de los docentes. Utilizamos una metodología cualitativa a través de la técnica de grupos de discusión y observamos cómo los docentes asocian la calidad de la titulación con la categoría profesional del profesor, mientras que los alumnos atienden a la implicación en el aula y la disponibilidad de los profesores como los factores más determinantes</subfield>
</datafield>
<datafield tag="520" ind1=" " ind2=" ">
<subfield code="a">Educational quality is factor of particular relevance to the Spanish university system. This study contraststhe perceptions of students and professors regarding the relationship between the evaluation criteria and theprofessional level or status of the professors. The study employed a qualitative methodology involving focusgroups. The results show that teachers associate quality with professional status, while students identifyclassroom involvement and the availability of professors as the most decisive factors determining the qualityof teaching</subfield>
</datafield>
<datafield tag="024" ind2=" " ind1="8">
<subfield code="a">0185-2760</subfield>
</datafield>
<datafield tag="024" ind2=" " ind1="8">
<subfield code="a">https://hdl.handle.net/10259/11793</subfield>
</datafield>
<datafield tag="024" ind2=" " ind1="8">
<subfield code="a">10.1016/j.resu.2016.10.002</subfield>
</datafield>
<datafield ind1=" " ind2=" " tag="653">
<subfield code="a">Calidad educativa</subfield>
</datafield>
<datafield ind1=" " ind2=" " tag="653">
<subfield code="a">Criterios de evaluación</subfield>
</datafield>
<datafield ind1=" " ind2=" " tag="653">
<subfield code="a">Categoría profesional</subfield>
</datafield>
<datafield ind1=" " ind2=" " tag="653">
<subfield code="a">Percepción del estudiante</subfield>
</datafield>
<datafield ind1=" " ind2=" " tag="653">
<subfield code="a">Percepción del profesor</subfield>
</datafield>
<datafield ind1=" " ind2=" " tag="653">
<subfield code="a">Educational quality</subfield>
</datafield>
<datafield ind1=" " ind2=" " tag="653">
<subfield code="a">Assessment criteria</subfield>
</datafield>
<datafield ind1=" " ind2=" " tag="653">
<subfield code="a">Professional category</subfield>
</datafield>
<datafield ind1=" " ind2=" " tag="653">
<subfield code="a">Student perception</subfield>
</datafield>
<datafield ind1=" " ind2=" " tag="653">
<subfield code="a">Teacher perception</subfield>
</datafield>
<datafield tag="245" ind1="0" ind2="0">
<subfield code="a">Análisis de la importancia de los criterios de evaluación y el reconocimiento académico docente universitario como indicadores de la calidad educativa en España</subfield>
</datafield>
</record></metadata></record></GetRecord></OAI-PMH>